Macbeth (versión en español)

Guardat en:
Dades bibliogràfiques
Autor principal: Shakespeare, William
Format: Llibre
Idioma:Undetermined
Publicat: San José, Costa Rica Universidad de Costa Rica 1972
Matèries:
Etiquetes: Afegir etiqueta
Sense etiquetes, Sigues el primer a etiquetar aquest registre!

MARC

LEADER 00000nam a2200000Ia 4500
008 170316s9999 xx 000 0 und d
040 |a cru BVZT 
090 |a 820 S-5m 
100 |a Shakespeare, William 
245 |a Macbeth (versión en español) 
260 |a San José, Costa Rica 
260 |b Universidad de Costa Rica 
260 |c 1972 
300 |a 86 páginas 
650 |a LITERATURA INGLESA 
650 |a TRAGEDIA 
999 |c 7147  |d 7147 
942 |c 15 D  |h 820 S-5m  |2 z